[Event "Morrovalle op 3rd"]
[Site "Trodica di Morrovalle"]
[Date "2013.08.17"]
[Round "3"]
[White "Giacometti, Carlo"]
[Black "Medorini, Massimiliano"]
[Result "0-1"]
[WhiteElo "2068"]
[BlackElo "1889"]
[PlyCount "64"]
[EventDate "2013.08.16"]
[EventType "swiss"]
[EventRounds "5"]
[EventCountry "ITA"]
[SourceTitle "EXT 2015"]
[Source "ChessBase"]
[SourceDate "2014.11.20"]
[SourceVersion "1"]
[SourceVersionDate "2014.11.20"]
[SourceQuality "1"]

1. d4 d5 2. Nf3 Nf6 3. c4 c6 4. Nc3 a6 5. e3 e6 6. Qc2 Nbd7 7. Bd3 dxc4 8. Bxc4 b5 9. Bd3 Bb7 10. 0-0 Be7 11. e4 c5 12. e5 Nd5 13. Nxd5 Bxd5 14. Be4 Bxe4 15. Qxe4 0-0 16. d5 exd5 17. Qxd5 Qc8 18. Bg5 Nb6 19. Qe4 Qe6 20. Qh4 f6 21. exf6 Bxf6 22. Rfe1 Bxg5 23. Nxg5 Qf5 24. g4 Qg6 25. Re6 Rf6 26. Rae1 Rxe6 27. Rxe6 Qb1+ 28. Kg2 Nd5 29. Nh3 Rf8 30. Qg3 Qxb2 31. Rxa6 Qd4 32. Qd6 Qxg4+ 0-1

[Event "Porto San Giorgio Weekend 15th"]
[Site "Porto San Giorgio"]
[Date "2012.11.24"]
[Round "4"]
[White "Medorini, Massimiliano"]
[Black "Bruno, Fabio"]
[Result "0-1"]
[WhiteElo "1859"]
[BlackElo "2424"]
[PlyCount "50"]
[EventDate "2012.11.17"]
[EventType "swiss"]
[EventRounds "6"]
[EventCountry "ITA"]
[SourceTitle "EXT 2014"]
[Source "ChessBase"]
[SourceDate "2013.11.20"]
[SourceVersion "1"]
[SourceVersionDate "2013.11.20"]
[SourceQuality "1"]

1. c4 c5 2. Nf3 Nf6 3. d4 cxd4 4. Nxd4 g6 5. Nc3 Bg7 6. g3 Nc6 7. Bg2 0-0 8. 0-0 d6 9. Nxc6 bxc6 10. Qa4 Bd7 11. c5 d5 12. e4 dxe4 13. Nxe4 Nd5 14. Rd1 Qc7 15. Qc4 Rfd8 16. Nc3 Nxc3 17. bxc3 Be6 18. Bf4 Qa5 19. Qe4 Bxc3 20. Rac1 Bb2 21. Rb1 Bf5 22. Qxe7 Bxb1 23. Rxb1 Qxa2 24. Re1 Bd4 25. Re2 Qb1+ 0-1

[Event "Porto San Giorgio Weekend 15th"]
[Site "Porto San Giorgio"]
[Date "2012.11.18"]
[Round "3"]
[White "Viviani, Alessio"]
[Black "Medorini, Massimiliano"]
[Result "0-1"]
[WhiteElo "2105"]
[BlackElo "1859"]
[PlyCount "60"]
[EventDate "2012.11.17"]
[EventType "swiss"]
[EventRounds "6"]
[EventCountry "ITA"]
[SourceTitle "EXT 2014"]
[Source "ChessBase"]
[SourceDate "2013.11.20"]
[SourceVersion "1"]
[SourceVersionDate "2013.11.20"]
[SourceQuality "1"]

1. d4 d5 2. e3 Nf6 3. Bd3 e6 4. f4 c5 5. c3 Nc6 6. Nf3 Bd6 7. 0-0 Ne4 8. Ne5 Bd7 9. Nd2 Nxd2 10. Bxd2 g6 11. Kh1 Qe7 12. Rb1 f6 13. Nf3 f5 14. dxc5 Bxc5 15. b4 Bd6 16. c4 Bxb4 17. cxd5 exd5 18. Bxb4 Nxb4 19. Ne5 Nxd3 20. Qxd3 Bc6 21. Rfc1 Rc8 22. Qd4 0-0 23. Qxa7 Rfe8 24. Qb6 d4 25. Qb3+ Kg7 26. Qb2 Be4 27. Rxc8 Rxc8 28. Rd1 Rc2 29. Qxd4 Kh6 30. Rd2 Qh4 0-1

[Event "Porto Sant Elpidio op 14th"]
[Site "Porto Sant Elpidio"]
[Date "2011.11.19"]
[Round "1"]
[White "Rinaudo, Andrea"]
[Black "Medorini, Massimiliano"]
[Result "1-0"]
[WhiteElo "2097"]
[BlackElo "1892"]
[PlyCount "57"]
[EventDate "2011.11.19"]
[EventType "swiss"]
[EventRounds "6"]
[EventCountry "ITA"]
[SourceTitle "EXT 2023"]
[Source "ChessBase"]
[SourceDate "2022.10.05"]
[SourceVersion "1"]
[SourceVersionDate "2022.10.05"]
[SourceQuality "1"]

1. e4 e5 2. Nf3 Nc6 3. h3 Nf6 4. Bb5 Bb4 5. 0-0 0-0 6. Re1 d6 7. Nc3 h6 8. Bxc6 bxc6 9. d4 d5 10. Nxe5 Nxe4 11. Nxc6 Qf6 12. Nxe4 Qxc6 13. Bd2 Bxd2 14. Nxd2 Bf5 15. c3 Rab8 16. Nb3 a5 17. Nxa5 Qg6 18. b4 Bxh3 19. Qf3 Be6 20. Nc6 Rbe8 21. a4 Qg5 22. a5 Ra8 23. a6 Kh7 24. a7 Bg4 25. Qe3 Bd7 26. Qxg5 hxg5 27. b5 Rfe8 28. Rxe8 Bxe8 29. Ne7 1-0

[Event "Civitanova Marche Region-ch"]
[Site "Civitanova Marche"]
[Date "2011.05.13"]
[Round "1"]
[White "Medorini, Massimiliano"]
[Black "Rinaudo, Andrea"]
[Result "1-0"]
[WhiteElo "1830"]
[BlackElo "2102"]
[PlyCount "47"]
[EventDate "2011.05.13"]
[EventType "swiss"]
[EventRounds "5"]
[EventCountry "ITA"]
[SourceTitle "EXT 2024"]
[Source "ChessBase"]
[SourceDate "2023.10.10"]
[SourceVersion "1"]
[SourceVersionDate "2023.10.10"]
[SourceQuality "1"]

1. e4 c5 2. Nf3 Nc6 3. c3 d5 4. exd5 Qxd5 5. d4 Bg4 6. Be2 cxd4 7. cxd4 e6 8. 0-0 Nf6 9. Nc3 Qd7 10. Bg5 Be7 11. Bxf6 Bxf6 12. d5 exd5 13. Nxd5 Bxb2 14. Rb1 0-0-0 15. Qa4 Qxd5 16. Qxg4+ f5 17. Qa4 Bd4 18. Rbc1 Rhe8 19. Nxd4 Re4 20. Qxa7 Rd7 21. Nxc6 Rc7 22. Qb8+ Kd7 23. Qxc7+ Kxc7 24. Ne7+ 1-0

[Event "Civitanova Marche Region-ch"]
[Site "Civitanova Marche"]
[Date "2011.05.13"]
[Round "2"]
[White "Medorini, Massimiliano"]
[Black "Sagripanti, Michele"]
[Result "0-1"]
[WhiteElo "1830"]
[BlackElo "1947"]
[PlyCount "68"]
[EventDate "2011.05.13"]
[EventType "swiss"]
[EventRounds "5"]
[EventCountry "ITA"]
[SourceTitle "EXT 2024"]
[Source "ChessBase"]
[SourceDate "2023.10.10"]
[SourceVersion "1"]
[SourceVersionDate "2023.10.10"]
[SourceQuality "1"]

1. e4 e6 2. d4 d5 3. Nc3 Nf6 4. Bg5 Be7 5. e5 Nfd7 6. h4 h6 7. Bxe7 Qxe7 8. Qg4 0-0 9. Nf3 c5 10. 0-0-0 Nc6 11. dxc5 Ndxe5 12. Nxe5 Nxe5 13. Qh5 f5 14. Re1 Qf6 15. Be2 Ng6 16. g3 Bd7 17. f4 Rfc8 18. Bd3 Rxc5 19. Ref1 Ne7 20. g4 Be8 21. g5 Qxc3 22. Qxe8+ Rxe8 23. bxc3 Rxc3 24. Re1 Kf7 25. Bb5 Rd8 26. Rd1 a6 27. Bd3 h5 28. Kd2 d4 29. Rb1 Rd7 30. Rb4 a5 31. Rb3 Nd5 32. Rb5 Ne3 33. Re1 Rdc7 34. Reb1 Nxc2 0-1